[Event "Buenos Aires op 3rd"]
[Site "Buenos Aires"]
[Date "2025.07.13"]
[Round "5"]
[White "Simbler, Facundo"]
[Black "Garcia Lemos, Federico"]
[Result "0-1"]
[WhiteElo "1903"]
[BlackElo "2155"]
[PlyCount "100"]
[EventDate "2025.07.11"]
[EventType "swiss"]
[EventRounds "9"]
[EventCountry "ARG"]
[SourceTitle "CB30_2025"]
[SourceDate "2025.07.23"]
[SourceVersion "1"]
[SourceVersionDate "2025.07.23"]
[SourceQuality "1"]

1. e4 e5 2. Nf3 Nc6 3. Bb5 a6 4. Ba4 d6 5. 0-0 Bg4 6. h3 h5 7. Bxc6+ bxc6 8. d4 Qf6 9. dxe5 dxe5 10. Nbd2 Ne7 11. Nc4 Bxf3 12. Qxf3 Qxf3 13. gxf3 Ng6 14. Be3 Bd6 15. Rad1 0-0-0 16. Kh2 Be7 17. Na5 Rxd1 18. Rxd1 c5 19. Rd5 Nh4 20. Nc6 Bd6 21. Kg3 Ng6 22. Bxc5 Nf4 23. Bxd6 Nxd5 24. Bxe5 Nf6 25. Bxf6 gxf6 26. Kf4 Kd7 27. Nd4 c5 28. Nb3 Rc8 29. Kf5 c4 30. Nd4 Ke7 31. f4 c3 32. b3 Rg8 33. Ne2 Rg2 34. Nxc3 Rxf2 35. Nd5+ Kf8 36. Kxf6 Rxc2 37. a4 a5 38. e5 Rh2 39. b4 axb4 40. Nxb4 Rxh3 41. Nd5 h4 42. f5 Rd3 43. Nc7 Rd7 44. Na6 h3 45. Nc5 Rc7 46. Nd3 h2 47. Nf2 Rc2 48. Nh1 Rc1 49. Nf2 h1Q 50. Nxh1 Rxh1 0-1

[Event "Buenos Aires op 3rd"]
[Site "Buenos Aires"]
[Date "2025.07.11"]
[Round "1"]
[White "Simbler, Facundo"]
[Black "Perez Ponsa, Federico"]
[Result "0-1"]
[WhiteElo "1903"]
[BlackElo "2537"]
[PlyCount "54"]
[EventDate "2025.07.11"]
[EventType "swiss"]
[EventRounds "9"]
[EventCountry "ARG"]
[SourceTitle "CB30_2025"]
[SourceDate "2025.07.23"]
[SourceVersion "1"]
[SourceVersionDate "2025.07.23"]
[SourceQuality "1"]

1. e4 c5 2. Nf3 d6 3. d4 cxd4 4. Nxd4 Nf6 5. Nc3 a6 6. Bg5 Nbd7 7. Qe2 Qa5 8. f4 h6 9. Bh4 e6 10. 0-0-0 Be7 11. g4 g5 12. Nb3 Qc7 13. fxg5 Nh7 14. Bg3 hxg5 15. h4 Ne5 16. Kb1 Bd7 17. Qd2 gxh4 18. Bf4 Nxg4 19. Bh3 Ne5 20. Rhf1 Nf8 21. Bg5 Qd8 22. Bxe7 Qxe7 23. Qxd6 Qxd6 24. Rxd6 Ke7 25. Rfd1 Nfg6 26. Ne2 Bb5 27. R6d2 Nf3 0-1